00786nam a2200181 a 450000100100000000500170001000800410002702000170006804000250008508200150011010000270012524501880015226000660034030000360040670000320044295201130047499900170058700004571520201002052413.0150430s2009 dr ac 000 0 spa d a978994586159 aDO-SdBNPbspacBNPHU axxxxbxxxx1 aVenegas, Camilo95810010aHistorias que nos conectan del otro lado del mundo :bel equipo olímpico de tricom en las olimpíadas de Beijing, China /cCamilo Venegas ; fotografía Jochy Fersobe... [et. al.]. a[Santo Domingo] :bTRICOMbLourdes Saleme y Asociados,c2009. a124 p. :bil., retrs. ;c29 cm.12aFersobe, Jochyefot.973769 0010718PDaPDbPDcCTd2015-04-30iLF1l0oxxxx xxxxp45715-10r2020-06-25w2020-06-25yLFPDZNo se presta c45204d45204